000
00326nam a22001337a 4500
082
_a
621.815
_b
SIE/ME
100
_a
Maleev, Vladimir L
245
_a
Mechanical Design of machines
260
_a
Delhi
_b
CBS Publishers & distributors
300
_a
578
700
_a
Hartman, James B
700
_a
Siegel, Martin J
942
_c
BK
999
_c
13634
_d
13634